000 01079nam a2200301 i 4500
003 DO-SdBNP
005 20230703141550.0
006 a||||fr|||| 00| 0
007 ta
008 230630e1995 dr ac||| |||| 00| 0 spa d
040 _aDO-SdBNP
_bspa
_cBNPHU
_erda
082 4 _bR426g
_222
110 1 _aRepública Dominicana.
_bSecretaria de Estado de Educación, Bellas Artes y Cultos. Consolidación Plan Decenal de Educación Transformación Curricular en Marcha
_983640
245 1 0 _aGuía de contenidos de los libros de texto del nivel básico :
_ba partir de estrategias del nuevo diseño curricular
264 _aSanto Domingo :
_bSecretaria de Estado de Educación Bellas Artes y Cultos,
_c1995
300 _a1 volumen (sin páginar) :
_bIlustraciones, retratos ;
_c28 cm.
336 _2rdaconten
_atexto
_btx
337 _2rdamedia
_asin medición
_bn
338 _2rdacarrier
_avolumen
_bnc
590 _aInventariado 2023 / DG
700 _983641
700 _983642
700 _983643
700 _983644
710 _983645
910 _aDG
942 _2ddc
_cLBS1
999 _c54058
_d54058